All Skywalker Saga jedi council members - Statistics

General Stats
  • This quiz has been taken 47 times
  • The average score is 13 of 20
Answer Stats
Answer % Correct
Yoda
100%
Mace Windu
97%
Obi-Wan Kenobi
97%
Ki-Adi-Mundi
92%
Kit Fisto
86%
Yaddle
86%
Plo Koon
84%
Anakin Skywalker
68%
Shaak Ti
65%
Eeth Koth
59%
Saesee Tiin
57%
Agen Kolar
54%
Coleman Trebor
49%
Oppo Rancisis
46%
Stass Allie
46%
Yarael Poof
43%
Depa Billaba
41%
Coleman Kcaj
38%
Even Piell
38%
Adi Galia
32%
No matching quizzes found
Score Distribution
Percent of People with Each Score
Percentile by Number Answered
Your Score History
You have not taken this quiz